Online
Catalog

Rafael Vegas y la infancia abandonada en Venezuela, 1938-1950 / (Record no. 12660)

MARC details
000 -CABECERA
campo de control de longitud fija 00942cam a2200253 a 4500
001 - NÚMERO DE CONTROL
campo de control 000013013
003 - IDENTIFICADOR DEL NÚMERO DE CONTROL
campo de control DO-SdBNP
005 - FECHA Y HORA DE LA ÚLTIMA TRANSACCIÓN
campo de control 20250722121309.0
008 - DATOS DE LONGITUD FIJA--INFORMACIÓN GENERAL
campo de control de longitud fija 871013s1985 ve a 000 0 spa
010 ## - NÚMERO DE CONTROL DE LA BIBLIOTECA DEL CONGRESO
Número de control de LC 87406004
020 ## - NÚMERO INTERNACIONAL ESTÁNDAR DEL LIBRO
Número Internacional Estándar del Libro 9802650145
040 ## - FUENTE DE LA CATALOGACIÓN
Centro catalogador/agencia de origen DO-SdBNP
Lengua de catalogación spa
Centro/agencia transcriptor BNPHU
043 ## - CÓDIGO DE ÁREA GEOGRÁFICA
Código de área geográfica s-ve---
100 1# - ENTRADA PRINCIPAL--NOMBRE DE PERSONA
Nombre de persona Vegas, Rafael.
9 (RLIN) 19799
245 10 - MENCIÓN DE TÍTULO
Título Rafael Vegas y la infancia abandonada en Venezuela, 1938-1950 /
Mención de responsabilidad, etc. recopilacion, Maria Abigail Salgado ; fotografia del Dr. Rafael Vegas, Fina Gomez.
260 ## - PUBLICACIÓN, DISTRIBUCIÓN, ETC.
Lugar de publicación, distribución, etc. Caracas, Venezuela :
Nombre del editor, distribuidor, etc. [s.n.],
Fecha de publicación, distribución, etc. 1985
Lugar de fabricación/manufactura (Caracas :
Fabricante Editorial Arte)
300 ## - DESCRIPCIÓN FÍSICA
Extensión 288 p. :
Otras características físicas ill. (some col.) ;
Dimensiones 21 x 24 cm.
650 #0 - PUNTO DE ACCESO ADICIONAL DE MATERIA--TÉRMINO DE MATERIA
Término de materia o nombre geográfico como elemento de entrada Niños abandonados
Subdivisión geográfica Venezuela
Subdivisión general Historia
9 (RLIN) 53650
650 #0 - PUNTO DE ACCESO ADICIONAL DE MATERIA--TÉRMINO DE MATERIA
Término de materia o nombre geográfico como elemento de entrada Niños
Subdivisión general Atención institucional
Subdivisión geográfica Venezuela.
9 (RLIN) 30014
650 #7 - PUNTO DE ACCESO ADICIONAL DE MATERIA--TÉRMINO DE MATERIA
Término de materia o nombre geográfico como elemento de entrada Bienestar infantil
Subdivisión geográfica Venezuela.
9 (RLIN) 29988
700 1# - PUNTO DE ACCESO ADICIONAL--NOMBRE DE PERSONA
Nombre de persona Salgado, Maria Abigail.
9 (RLIN) 30015
910 ## - DATOS DE OPCIÓN DEL USUARIO (OCLC)
Datos de opción del usuario Catalogación por copia / LC
942 ## - ELEMENTOS DE PUNTO DE ACCESO ADICIONAL (KOHA)
Fuente del sistema de clasificación o colocación Dewey Decimal Classification
Tipo de ítem Koha Libro
Holdings
Estado de retiro Estado de pérdida Fuente del sistema de clasificación o colocación Restricciones de uso No para préstamo Código de colección Localización permanente Ubicación/localización actual Ubicación en estantería Fecha de adquisición Número de inventario Total de préstamos Código de barras Fecha visto por última vez Precio válido a partir de Tipo de ítem Koha
    Dewey Decimal Classification Préstamo interno   Monografías: Libros y Folletos General General En catalogación 19.11.2009 LF1   13013-10 25.06.2020 25.06.2020 Préstamo interno

Powered by Koha